Сельскохозяйственное водоснабжение. [Вып. 1]: ˆ[‰Вып. 1] (Запись № 13595776)

Подробности
000 -МАРКЕР
контрольное поле 01346nam2a2200253 4500
001 - ИДЕНТИФИКАТОР ЗАПИСИ
контрольное поле rc\2922064
005 - ИДЕНТИФИКАТОР ВЕРСИИ
контрольное поле 20260315054824.0
035 ## - ДРУГИЕ СИСТЕМНЫЕ НОМЕРА
Идентификатор записи (NLR Aleph) 007072157
100 ## - ДАННЫЕ ОБЩЕЙ ОБРАБОТКИ
Данные общей обработки 20110814d1939 u y0rusy50 ca
101 0# - ЯЗЫК РЕСУРСА
Язык текста, звукозаписи и т.д. русский
102 ## - СТРАНА ПУБЛИКАЦИИ ИЛИ ПРОИЗВОДСТВА
Страна публикации Российская Федерация
105 ## - ПОЛЕ КОДИРОВАННЫХ ДАННЫХ: ТЕКСТОВЫЕ МАТЕРИАЛЫ, МОНОГРАФИЧЕСКИЕ
Кодированные данные о монографическом текстовом документе a z |||||
200 0# - ЗАГЛАВИЕ И СВЕДЕНИЯ ОБ ОТВЕТСТВЕННОСТИ
Основное заглавие ˆ[‰Вып. 1]
210 ## - ПУБЛИКАЦИЯ, РАСПРОСТРАНЕНИЕ И ДР.
Дата издания, распространения и т.д. 1939
215 ## - ФИЗИЧЕСКАЯ ХАРАКТЕРИСТИКА
Специфическое обозначение материала и объем 224 с.
Другие сведения о физической характеристике ил.
225 1# - СЕРИЯ
Основное заглавие серии Труды Института гидротехники и мелиорации
Сведения об ответственности НКЗ СССР. Акад. с.-х. наук им. В.И. Ленина, Всесоюз. науч.-исслед. ин-т гидротехники и мелиорации
Обозначение тома Т. 21
320 ## - ПРИМЕЧАНИЯ О НАЛИЧИИ В ДОКУМЕНТЕ БИБЛИОГРАФИИ / УКАЗАТЕЛЯ
Текст примечания Библиогр.: с. 111
461 #0 - УРОВЕНЬ НАБОРА
Встроенное поле 001rc\2922063
-- 2000#$aСельскохозяйственное водоснабжение$eСборник статей$fПод ред. д-ра с.-х. наук проф. А.В. Калинникова$v[Вып. 1]
Системный номер (АБИС) связанной записи 6391410
Место публикации Москва
Дата публикации 1939
Первые сведения об ответственности Под ред. д-ра с.-х. наук проф. А.В. Калинникова
Имя издателя, распространителя и т.д. Ред. изд. сектор Акад. с.-х. наук им. В. И. Ленина
Сведения, относящиеся к заглавию Сборник статей
Заглавие Сельскохозяйственное водоснабжение
Номер тома [Вып. 1]
801 #0 - ИСТОЧНИК ЗАПИСИ
Страна Российская Федерация
Организация NLR
Правила каталогизации psbo
801 #1 - ИСТОЧНИК ЗАПИСИ
Страна Российская Федерация
Организация ELAR
Источник данных rusmarc
852 ## - МЕСТОНАХОЖДЕНИЕ И ШИФР ХРАНЕНИЯ
Идентификатор организации NLR
Шифр хранения (Call Number) 32-19/179
942 ## - ДОПОЛНИТЕЛЬНЫЕ ЭЛЕМЕНТЫ ЗАПИСИ (АБИС)
Тип экземпляра АБИС Неопределено
980 ## - КОЛЛЕКЦИЯ
Название коллекции Национальная библиография

Нет доступных экземпляров.